000
00178 a2200085 4500
041
_a
spa
100
_a
S.D. Holdsworth
245
_a
Conversacion de frutas y hortalizas
942
_c
BK
999
_c
11458
_d
11458